Normal view
MARC view
- Berry R.
Entry Personal Name
001 - CONTROL NUMBER
- control field: 26465
003 - CONTROL NUMBER IDENTIFIER
- control field: IT-RoPau
005 - DATE AND TIME OF LATEST TRANSACTION
- control field: 20140523160904.0
008 - FIXED-LENGTH DATA ELEMENTS
- fixed length control field: 140523|| aca||aabn | a|a d
040 ## - CATALOGING SOURCE
- Original cataloging agency: IT-RoPau
- Transcribing agency: IT-RoPau
100 ## - HEADING--PERSONAL NAME
- Personal name: Berry R.
- Miscellaneous information: Codice autore musica SPICS: 29882
- Relator term: Autore musica
- Name of part/section of a work: Louie, Louie
670 ## - SOURCE DATA FOUND
- Source citation: Work cat.: (IT-RoPau)102946: Townshend Pete 26455, Quadrophenia-Music From The Soundtrack of The Who Film